| 000 | 00601nam a2200169Ia 4500 | ||
|---|---|---|---|
| 008 | 090201s9999 xx 000 0 und d | ||
| 010 | _aKPL-61825 | ||
| 040 | _bमराठी | ||
| 041 | _aमराठी | ||
| 082 |
_a36859 _b61825 |
||
| 100 | _aमध्ुसुदन कालेलकर | ||
| 245 |
_aकल्पवृक्ष कन्येसाठी _cमध्ुसुदन कालेलकर |
||
| 260 |
_c2004 _bरंजना प्रकाशन |
||
| 300 |
_a104 _bमोठा |
||
| 600 | _aकल्पवृक्ष कन्येसाठी | ||
| 942 | _cBOOK | ||
| 999 |
_c234763 _d234763 |
||